| 000 | 00408nam a22001697a 4500 | ||
|---|---|---|---|
| 003 | macl | ||
| 005 | 20150625163958.0 | ||
| 008 | 150625b xxu||||| |||| 00| 0 eng d | ||
| 040 | _cmacl | ||
| 041 | _aEnglish | ||
| 082 | _a150 | ||
| 100 |
_aJha,Dr. Kalika _9317 |
||
| 245 | _aUGC/NET/JRF/SET Psychology Paper-II | ||
| 260 |
_aAgra _bUpakar Prakashan _c2014 |
||
| 650 |
_aPyschology _9318 |
||
| 942 |
_2ddc _cBK |
||
| 999 |
_c49915 _d49915 |
||